000 00840nam a22002777a 4500
001 01231
003 DO-SdBNP
005 20171109113217.0
006 01231
008 160609b 1975 sp |||| 00| 0 spa d
020 _a8424403045
040 _aBPMSU
_bspa
_cBPMSU
082 4 _a370.973
_bP858e, 1975
100 1 _aPostman, Neil
245 1 3 _aLa enseñanza como actividad crítica /
_c Neil Postman, Charles Weingartner
250 _a2a. ed.
260 0 _aBarcelona :
_bFontanella ,
_c1975
300 _a240 p. ;
_c22 cm
490 1 _aLibros de Confrontación .
_aPedagógica ;
_v2
700 _aWeingartner, Charles
830 0 _aLibros de Confrontación .
_pPedagógica ;
_v2
910 _aValidado. Control de calidad MFF
942 _2ddc
_cBK
945 _aInventariado, 2017/MFF
956 _2VMATEO
_a10
_b20160509
_cBPMSU
_d0069
999 _c10331
_d10331